000 00722nam a22002657a 4500
001 BR9505665
003 BR-BrBNA
005 20230928094637.0
007 ta
008 230509b bl.||||| |||| 00| 0 por d
040 _aBR-BrBNA
_bpor
_cBiblioteca Nacional de Agricultura
041 _a(Por)
072 _aP01; C10
090 _ P01 BR9505665
100 1 _aWickert, M.L.S.
110 1 _aFundacao Pro-Natureza, Brasilia, DF (Brasil)
245 1 _aPequeno manual de educacao ambiental; uma abordagem sistemica
260 3 _aBrasilia, DF (Brasil):
_c1992.
300 _a54 p.
650 _aMeio Ambiente
650 _aEducacao
650 _aEcossistema
909 _a202309
_bLucia
_c55
_dLucia Elande
942 _cBK
999 _c51830
_d51830